000 00265nam a22001097a 4500
008 170126b xxu||||| |||| 00| 0 eng d
020 _a9781437704419
041 _aeng
080 _a61
245 _aTHE NEXT STEP/ ADVANCED MEDICAL CODING
_cBUCK, C.J
942 _2udc
_cBK
999 _c3711
_d3711